000 00703nam a22002297a 4500
003 UA-OsUOA
001 51829
007 ta
008 20141029b un ||||| |||| 00| 0 ukr d
090 _a82-6
_bЛ63
942 _cBK
040 _aUA-OsUOA
_bukr
_cUA-OsUOA
_dUA-OsUOA
245 _aЛисти Вячеслава Липинського до Осипа Назарука (1921-1930)
300 _a156 с.
955 _a1
041 _aukr
080 _a82-6
260 _aЛьвів
_c2004
650 7 _a82 Література. Літературознавство
_2UDC
999 _c431953
_d431953